00658nam a2200241 a 4500001001300000003000900013005001700022008004100039020000900080082001500089100001800104245002200122260004000144300000900184500003500193505001000228650001600238700001800254902000800272942000700280952011400287999001500401nice12345678IN_TiNIC20260116012720.0050524s1985 dela grp 000 0 eng  ac2500a297.7bMAW aMawdoodi, S A aLet Us Be Muslims aDelhibMarkazi Maktaba Islamic1985 a311p aincludes index and biblioraphy2 aIndex aDawah-Islam1 aMawdoodi, S A bSRS cBK 001040708StackRoom-aHMIbHMId2007-10-30g25.00l0o297.7 MAWp013261r2007-10-30v25.00w2005-05-24yBK c8072d8072